Najważniejsze daty w historii Polski - Statystyki

Ogólne statystyki
  • Ten quiz został rozwiązany 180 razy
  • Średni wynik to 6 z 41
Statystyki odpowiedzi
data wydarzenie % Poprawnych
966 Chrzest Polski
100%
1000 Zjazd Gnieźnieński
68%
1025 Koronacja Bolesława Chrobrego
67%
972 Bitwa pod Cedynią
55%
1410 Bitwa Pod Grunwaldem
54%
1138 Rozbicie dzielnicowe
38%
1525 Hołd Pruski
36%
1772 I rozbiór Polski
25%
1795 III rozbiór Polski
19%
1793 II rozbiór Polski
17%
1385 Unia w Krewie
17%
1226 Sprowadzenie Krzyżaków
16%
1683 Bitwa pod Wiedniem
15%
1573 Pierwsza wolna elekcja
11%
1794 Powstanie Kościuszkowskie
11%
1944 powstanie warszawskie
11%
1939 wybuch II wojny światowej
8%
1914 wybuch I wojny światowej
8%
1673 Bitwa pod Chocimiem
7%
1717 Sejm Niemy
5%
1999 dołączenie Polski do NATO
4%
1768-1772 Konfederacja Barska
4%
1830 wybuch Powstania listopadowego
4%
1945 Zakończenie II wojny światowej
4%
1989 obrady okrągłego stołu
3%
1944 bitwa pod Monte Cassino
2%
2004 dołączenie Polski do Unii Europejskiej
2%
1797 Powstanie legionów polskich we Włoszech
2%
1846 wybuch Powstania krakowskiego
2%
1918 niepodległość Polski
1%
1926 przewrót majowy
1%
1791 Ustanowienie konstytucji 3 maja
1%
1815 Utworzenie Królestwa Polskiego
1%
1920 bitwa warszawska (cud nad Wisłą)
0%
1792 Konfederacja Targowicka
0%
1241 Najazd Tatarów
0%
1980 Powstanie NSZZ Solidarność
0%
1981 stan wojenny w Polsce
0%
1569 Unia Lubelska Polski i Litwy
0%
1863 wybuch Powstanie styczniowego
0%
1038 Zrujnowanie Państwa Polskiego
0%
Nie znaleziono quizów pasujących do podanych kryteriów
Rozkład punktacji
Procent ludzi z każdym wynikiem
Percentyl według liczby udzielonych odpowiedzi
Twoja historia wyników
Nie rozwiązałeś tego quizu